000 00958nam a22001695i 4500
001 161046
003 ES-MaACL
005 20230906212202.0
008 010529s1860 sp a |||| | spa d
040 _aCCPB | B
_bspa
_cCCPB | B
100 1 _aOrellana, Francisco José.
_9130679
245 1 0 _aReseña completa descriptiva y crítica de la exposicion industrial y artística de productos del principado de Cataluña, improvisada en Barcelona, para obserquiar á S.M. la Reina Doña Isabel II y á su Real familia, con motivo de su venida á esta ciudad /
_cescrita por Francisco J. Orellana.
260 _aBarcelona :
_b[s.n.],
_c1860 (
_festablecimiento tipográfico de Jaime Jepús)
300 _a254 p., [1] h. de grab. ;
_c23 cm.
599 1 _aLa h. de grab. es litogr., planta del edificio y distribución de los productos en la exposición.
852 _aES-MaACL
_jT-1288-F-6
_z-- Enc. hol., conservando la cub. original
_z-- Enc. en un vol. facticio
999 _c161046
_d161046